Física básica Nuffield

Uloženo v:
Podrobná bibliografie
Korporativní autor: Nuffield Foundation (Autor)
Médium: Kniha
Jazyk:španělština
Vydáno: Barcelona Reverté 1974
Témata:
Tagy: Přidat tag
Žádné tagy, Buďte první, kdo vytvoří štítek k tomuto záznamu!

MARC

LEADER 00000nam a2200000 a 4500
001 UCU1785
003 CL-VaPUC
008 960412e19740000SP |||||||||||||||||spa|d
082 0 4 |a 530  |b NUF  |2 21 
110 2 |a Nuffield Foundation  |e author  |9 357575 
245 1 0 |a Física básica Nuffield 
300 |a v 
942 |c BK 
945 |d 19960412 00:00:00  |a rleighto 
260 |a Barcelona  |b Reverté  |c 1974 
500 |a v.3: Guía de experimentos 
650 0 |a Física   |9 227844 
650 0 |a Ondas  |9 260165 
650 0 |a Optica   |9 263171 
650 0 |a Luz  |9 263172 
650 0 |a Tiempo   |9 267892 
650 0 |a Velocidad  |9 311814 
650 0 |a Aceleración  |9 348443 
650 7 |a INERCIA  |2 CL-VaPUC  |9 344732 
650 0 |a Fuerza  |9 345825 
650 0 |a Movimiento  |9 322237 
650 7 |a TEORIA CINETICA DE LOS GASES  |2 CL-VaPUC  |9 260954 
650 0 |a Electromagnetismo   |9 260123 
650 7 |a EXPERIMENTOS  |2 CL-VaPUC  |9 270782 
583 |a last modification  |c 19960412 00:00:00  |k Rodrigo Vera 
999 |c 246296  |d 246294